| 000 | 00359nam a22001577a 4500 | ||
|---|---|---|---|
| 003 | SGT | ||
| 020 | _a978-93-5270-477-4 | ||
| 082 |
_a618.1 _bJ19M |
||
| 100 | _aMALHOTRA,NARENDRA,ED. | ||
| 245 | _aJEFFCOATE'S PRINCIPLES OF GYNAECOLOGY | ||
| 250 | _a9TH | ||
| 260 |
_aNEW DELHI _bJAYPEE PUB _c2019 |
||
| 300 | _a1198 | ||
| 650 | _aAYURVEDA | ||
| 942 |
_2ddc _cBK |
||
| 999 |
_c16882 _d16882 |
||